书目信息 |
| 题名: |
形势与政策
|
|
| 作者: | 王向明 主编 | |
| 分册: | ||
| 出版信息: | 哈尔滨 黑龙江教育出版社 2004 |
|
| 页数: | 138页 | |
| 开本: | 19cm | |
| 丛书名: | ||
| 单 册: | ||
| 中图分类: | D643 | |
| 科图分类: | 38.134 | |
| 主题词: | 时事政策教育--高等学校--教材 | |
| 电子资源: | ||
| ISBN: | 7-81056-896-5 | |
| 000 | 00678nam0 2200229 45 | |
| 001 | 0193052572 | |
| 005 | 20070727143349.14 | |
| 010 | @a7-81056-896-5@dCNY350.00(全十二册) | |
| 100 | @a19931112d2004 em y0chiy0121 ea | |
| 101 | 0 | @achi |
| 102 | @aCN | |
| 105 | @ay z 000yy | |
| 200 | 10 | @a形势与政策@AXING SHI YU ZHENG CE@f王向明主编@Fwang xiang ming zhu bian |
| 210 | @a哈尔滨@c黑龙江教育出版社@d2004 | |
| 215 | @a138页@d19cm | |
| 300 | @a2005全年硕士研究生入学统一考试复习指导 | |
| 606 | @a时事政策教育@x高等学校@x教材 | |
| 690 | @aD643@v三版 | |
| 692 | @a38.134 | |
| 701 | 0 | @a王向明@Awang xiang ming@4主编 |
| 801 | 0 | @aCN@bTSSF@c20070727 |
| 905 | @a10447@dD643@e150 | |
| 形势与政策/王向明主编.-哈尔滨:黑龙江教育出版社,2004 |
| 138页;19cm |
| 2005全年硕士研究生入学统一考试复习指导 |
| ISBN 7-81056-896-5:CNY350.00(全十二册) |
| ● |
| 相关链接 |
|
|
|
|
正题名:形势与政策
索取号:D643/150
 
预约/预借
| 序号 | 登录号 | 条形码 | 馆藏地/架位号 | 状态 | 备注 |
| 1 | 0782684 | 207826842 | 第一样本阅览室/ [索取号:D643/150] | 在馆 |